00650nam a2200181Ia 4500003000900000008004100009020001800050040001600068080002000084100002800104245009600132260004800228300001600276650003500292942000700327999001700334952011700351IN-BaIIA211028s9999 xx 000 0 eng d a0-521-47770-0 cIIA Library a551.21:523bFRA aFrankel, Charles921651 0aVolcanoes of the solar systemcCharles Frankel  aCambridgebCambridge University Pressc1996 axiii, 232p. aVolcanoes, Solar system921652 cBK c12380d12380 00104070aBANbBANcGENd1998-02-18ePBSB l0o551.21:523/ FRAp13296r2021-11-05w1998-02-18yBKG£ 15.95